De tenuta seu interdicto et remedio possessorio summariissimo, tam mero, quàm mixto, super hujus regni primigeniis, tractatus duplex

Detalles Bibliográficos
Autor principal: Paz, Cristóbal de s. XVII
Formato: Libro
Lenguaje:Latin
Publicado: Coloniae Allobrogum 1737
Materias:
Colección:Banco de datos
Acervo:Biblioteca Armando Olivares Carrillo de la Universidad de Guanajuato. Fondo Conventos
Descripción Física:[2] h., 334 p., [24] h. f°
Tema general:Derecho civil
Notas:Marca de fuego: Convento de san Francisco de Salamanca, Gto.
Daños de polilla y en la encuadernación
LEADER 00833nam a22001930004500
035 |a 4852 
041 0 |a lat 
050 4 |a K623  |b P3 
100 1 |a Paz, Cristóbal de  |d s. XVII 
245 1 0 |a De tenuta seu interdicto et remedio possessorio summariissimo, tam mero, quàm mixto, super hujus regni primigeniis, tractatus duplex  |c D. Christophori de Paz, jurisconsulti patricii, & decurionis salmanticensis... 
260 |a Coloniae Allobrogum  |b sumpt. fratrum de Tournes  |c 1737 
300 |a [2] h., 334 p., [24] h.  |c f° 
500 |a Marca de fuego: Convento de san Francisco de Salamanca, Gto.  
500 |a Daños de polilla y en la encuadernación 
650 1 0 |a Derecho civil 
949 |a CO. 8766 
942 |c GUANAJUATO 
943 |g Biblioteca Armando Olivares Carrillo de la Universidad de Guanajuato. Fondo Conventos 
999 |c 1148809  |d 1148809